My top 20 weird animals / (Record no. 8504)

MARC details
000 -LEADER
fixed length control field 01247nam a22002297a 4500
001 - CONTROL NUMBER
control field 8504
003 - CONTROL NUMBER IDENTIFIER
control field FISKH
005 - DATE AND TIME OF LATEST TRANSACTION
control field 20250916121732.0
008 - FIXED-LENGTH DATA ELEMENTS--GENERAL INFORMATION
fixed length control field 250916b cb ||||| |||| 00| 0 eng d
020 ## - INTERNATIONAL STANDARD BOOK NUMBER
International Standard Book Number 9781782090960
040 ## - CATALOGING SOURCE
Original cataloging agency FISKH
Language of cataloging eng
Transcribing agency FISKH
Modifying agency FISKH
082 ## - DEWEY DECIMAL CLASSIFICATION NUMBER
Classification number 590
100 ## - MAIN ENTRY--PERSONAL NAME
Personal name Parker, Steve
245 ## - TITLE STATEMENT
Title My top 20 weird animals /
Statement of responsibility, etc. Steve Parker
250 ## - EDITION STATEMENT
Edition statement This edition published in 2013
260 ## - PUBLICATION, DISTRIBUTION, ETC.
Place of publication, distribution, etc. United Kingdom :
Name of publisher, distributor, etc. Miles Kelly,
Date of publication, distribution, etc. 2010
300 ## - PHYSICAL DESCRIPTION
Extent 40 pages :
Other physical details color illustrations ;
Dimensions 28 cm
520 ## - SUMMARY, ETC.
Summary, etc. What could a male Jackson's chameleon need three horns for besides fighting? Actually, this odd-looking animal has horns to scare predators and attract females more than defense. Some animals' bodies can lead readers to question the purpose of their weird features. This book has the answers they're looking for. From how the echidna uses its spines to keep predators away to how the hornbill uses its large beak, the main content features some of nature's most interesting bodies. Colorful, up-close photographs and concise fact boxes introduce readers to many kinds of animal habitats, behaviors, and life cycles.
650 ## - SUBJECT ADDED ENTRY--TOPICAL TERM
Topical term or geographic name entry element Animals
Form subdivision Education
General subdivision Nature
Chronological subdivision ANIMAL FOCUS
942 ## - ADDED ENTRY ELEMENTS (KOHA)
Source of classification or shelving scheme Dewey Decimal Classification
Koha item type Books
Suppress in OPAC No
Holdings
Withdrawn status Lost status Source of classification or shelving scheme Damaged status Not for loan Collection Home library Current library Shelving location Date acquired Total Checkouts Full call number Barcode Date last seen Copy number Price effective from Koha item type
    Dewey Decimal Classification     Non-Fiction Footprints International School Library Network Toul Tom Poung Campus Footprints International School Library Network Toul Tom Poung Campus TTP Secondary Non-Fiction Bookshelves 09/16/2025   PAR 590 PZ7 FISO5324 09/16/2025 1 09/16/2025 Books